Vivir con deuda : (Registro nro. 4730)
[ vista simple ]
| 000 -LEADER | |
|---|---|
| fixed length control field | 01044nam a2200229Ia 4500 |
| 003 - CONTROL NUMBER IDENTIFIER | |
| control field | OSt |
| 005 - DATE AND TIME OF LATEST TRANSACTION | |
| control field | 20200707092927.0 |
| 008 - FIXED-LENGTH DATA ELEMENTS--GENERAL INFORMATION | |
| fixed length control field | 191128s2005 eu ad fr 000 0 spa d |
| 020 ## - INTERNATIONAL STANDARD BOOK NUMBER | |
| International Standard Book Number | 1597820407 |
| 040 ## - CATALOGING SOURCE | |
| Original cataloging agency | CO-JMCR |
| Transcribing agency | CO-JMCR |
| 041 0# - LANGUAGE CODE | |
| Language code of text/sound track or separate title | spa |
| 082 ## - DEWEY DECIMAL CLASSIFICATION NUMBER | |
| Classification number | 336.34098 / |
| Item number | V862v |
| Edition number | 23 |
| 245 00 - TITLE STATEMENT | |
| Title | Vivir con deuda : |
| Remainder of title | cómo contener los riesgos del endeudamiento público. Progreso económico y social en América Latina. Informe 2007. |
| 260 ## - PUBLICATION, DISTRIBUTION, ETC. | |
| Place of publication, distribution, etc. | Whashington : |
| Name of publisher, distributor, etc. | Banco Interamericano de Desarrollo, |
| Date of publication, distribution, etc. | 2005 |
| 300 ## - PHYSICAL DESCRIPTION | |
| Extent | 352 páginas : |
| Other physical details | gráficas a color ; |
| Dimensions | 23 cm. |
| 504 ## - BIBLIOGRAPHY, ETC. NOTE | |
| Bibliography, etc. note | Bibliografía: páginas 331-352 |
| 505 0# - FORMATTED CONTENTS NOTE | |
| Formatted contents note | La deuda pública en América Latina y en el mundo -- ¿Cómo crece la deuda? -- Historia de la deuda soberana en América Latina -- El mercado internacional de mercados emergentes -- El papel del financiamiento multilateral |
| 650 14 - SUBJECT ADDED ENTRY--TOPICAL TERM | |
| Topical term or geographic name entry element | Deuda pública |
| Geographic subdivision | América Latina |
| 9 (RLIN) | 6748 |
| 650 14 - SUBJECT ADDED ENTRY--TOPICAL TERM | |
| Topical term or geographic name entry element | Deuda y economía |
| Geographic subdivision | América Latina |
| 9 (RLIN) | 6749 |
| 710 2# - ADDED ENTRY--CORPORATE NAME | |
| Corporate name or jurisdiction name as entry element | Banco interamericano de Desarrollo |
| 9 (RLIN) | 6750 |
| 942 ## - ADDED ENTRY ELEMENTS (KOHA) | |
| Source of classification or shelving scheme | Dewey Decimal Classification |
| Koha item type | Books |
| Withdrawn status | Lost status | Source of classification or shelving scheme | Damaged status | Not for loan | Collection code | Home library | Current library | Date acquired | Source of acquisition | Full call number | Barcode | Date last seen | Copy number | Koha item type |
|---|---|---|---|---|---|---|---|---|---|---|---|---|---|---|
| Dewey Decimal Classification | Non-fiction | Biblioteca Pública José María del Castillo y Rada | Biblioteca Pública José María del Castillo y Rada | 04/15/2018 | Donación | 336.34098 / V862v | 430000120 | 05/16/2024 | Ej.1 | Books |